| 000 | 00377 a2200157 4500 | ||
|---|---|---|---|
| 001 | 62937 | ||
| 020 | _a8532626432 | ||
| 040 | _cAnchieta - Pituba | ||
| 100 | _aGentili, Pablo | ||
| 240 | 1 | 0 |
_aEducar na esperança em tempos de desencanto _lpor |
| 245 | 1 | 0 | _aEducar na esperança em tempos de desencanto |
| 300 | _a | ||
| 362 | 0 | _a2001 | |
| 650 | 4 | _aEducação | |
| 942 | _cBK | ||
| 999 |
_c62937 _d62937 |
||